| 000 | 00501nam a22001697a 4500 | ||
|---|---|---|---|
| 999 |
_c181806 _d181806 |
||
| 005 | 20211006125254.0 | ||
| 010 | _aEN230921 | ||
| 020 |
_a9788194735304 _c699.00 |
||
| 037 | _bAleph Book Company | ||
| 082 | _aS | ||
| 245 |
_aThe greatest hindi stories ever told / _ctranslated by Poonam Saxena |
||
| 260 |
_aNew Delhi _bAleph Book Company _c2020 |
||
| 270 |
_a7/16 Ansari Road,Daryaganj, _bNew Delhi _e110002 |
||
| 300 |
_axxi314p. _c22cm(Hb) |
||
| 700 | _aSaxena,Poonam | ||
| 942 |
_2ddc _cEN _hS _mGRE |
||